00726nam a22001937a 4500003000500000038001800005082000800023100002800031245010100059264003300160300002500193650002800218700003700246856005600283942001200339999001900351952008100370952008100451NUST aNusrat Nadeem a200 aSafdar, Muhammad917031 aSolvability of Systems of Differential Equations by Complex Symmetry Analysis/cMuhammad Safdar aIslamabad;bSNS NUST;c2013; a127,p;bill;c30,cm. aPhD-Mathematics9123169 aSupervisor: Asghar Qadir9123621 uhttp://10.250.8.41:8080/xmlui/handle/123456789/3395 2ddccSC c609749d609749 00104070aCLbCLd2024-06-13l0o200pCLPT-484r2024-06-13w2024-06-13ySC 00104070aCLbCLd2024-06-14l0o200pCLPT-474r2024-06-14w2024-06-14ySC